Beabadoobee - Sunny Day - Statistics

General Stats
  • This quiz has been taken 39 times
  • The average score is 152 of 185
Answer Stats
Answer % Correct
the
100%
a
96%
I
96%
I'm
96%
it,
96%
sorry
96%
sun,
96%
better
92%
for
92%
it's
92%
It's
92%
keep
92%
Keep
92%
me
92%
when
92%
When
92%
yesterday
92%
you
92%
You
92%
day
88%
I'll
88%
posted,
88%
promise
88%
sunny
88%
been
84%
in
84%
Know
84%
know
84%
mean
84%
my
84%
on
84%
do
80%
don't
80%
Don't
80%
house,
80%
not
80%
raining,
80%
to
80%
With
80%
your
80%
here
76%
skin
76%
swear,
76%
Always
72%
Call
72%
easy
72%
if
72%
lonely
72%
Maybe
72%
morning
72%
never
72%
okay
72%
pretend
72%
tomorrow,
72%
wake
72%
way
72%
we're
72%
again
68%
complaining
68%
feel
68%
mine
68%
see
68%
this
68%
Treating
68%
all
64%
friends
64%
same
64%
we'll
64%
you're
64%
But
60%
enough
60%
had
60%
ignoring
60%
leave
60%
that
60%
why
60%
there
56%
Haven't
52%
While
40%
No matching quizzes found
Score Distribution
Percent of People with Each Score
Percentile by Number Answered
Your Score History
You have not taken this quiz